Advanced routes for polymer toughening /

Guardado en:
Otros Autores: Martuscelli, Ezio., (Editor , ed.), Musto, P. (Editor , ed.), Ragosta, G. (Editor , ed.)
Formato: Libro
Idioma:English
Publicado: Amsterdam : Elsevier, 1996.
Series:Polymer science library ; 10
Materias:
Etiquetas: Agregar Etiqueta
Sin Etiquetas, Sea el primero en etiquetar este registro!
LEADER 00865pam a22002415a 4500
001 EIQ.libpla003764
008 960729s1996####ne#a#####b####001#0#eng#d
005 20080311174612.0
245 0 0 |a Advanced routes for polymer toughening /  |c edited by E. Martuscelli, P. Musto, G. Ragosta. 
260 |a Amsterdam :  |b Elsevier,  |c 1996. 
300 |a viii, 612 p. :  |b il. ;  |c 25 cm. 
440 0 |a Polymer science library ;  |v 10 
504 |a Incluye referencias bibliográficas e índice. 
020 |a 0444819606 (acid-free paper) 
700 1 |a Martuscelli, Ezio.,  |e ed.  |4 edt 
700 1 |a Musto, P.  |q (Pellegrino),  |e ed.  |4 edt 
700 1 |a Ragosta, G.  |q (Giuseppe),  |e ed.  |4 edt 
082 0 0 |a 668.4/16  |2 20 
650 4 |a Plásticos  |x Aditivos. 
650 0 |a Plastics  |x Additives. 
010 |a  96034584  
040 |a DLC  |c DLC  |d AR-BbSID 
859 |a AR-BbSID  |b BIB. PLAPIQUI  |h 668.4  |i Ad 95  |p 5446